<?xml version="1.0" encoding="UTF-8"?>
<marc:record xmlns:marc="http://www.loc.gov/MARC21/slim">
   <marc:leader>00000nam a2200000 a 4500</marc:leader>
   <marc:datafield ind1="1" ind2=" " tag="100">
      <marc:subfield code="a">Cavanagh, Steve</marc:subfield>
      <marc:subfield code="4">aut</marc:subfield>
      <marc:subfield code="e">Verfasser/-in</marc:subfield>
   </marc:datafield>
   <marc:datafield ind1="0" ind2="0" tag="245">
      <marc:subfield code="a">Seven Days</marc:subfield>
   </marc:datafield>
   <marc:datafield ind1="0" ind2="0" tag="245">
      <marc:subfield code="b">Thriller</marc:subfield>
   </marc:datafield>
   <marc:datafield ind1="0" ind2="0" tag="245">
      <marc:subfield code="c">Steve Cavanagh</marc:subfield>
   </marc:datafield>
   <marc:datafield ind1=" " ind2="1" tag="264">
      <marc:subfield code="a">München</marc:subfield>
      <marc:subfield code="b">Random House</marc:subfield>
      <marc:subfield code="c">2024</marc:subfield>
   </marc:datafield>
   <marc:datafield ind1="1" ind2=" " tag="490">
      <marc:subfield code="a">Eddie Flynn</marc:subfield>
   </marc:datafield>
   <marc:datafield ind1=" " ind2=" " tag="250">
      <marc:subfield code="a">1.</marc:subfield>
   </marc:datafield>
   <marc:datafield ind1="1" ind2=" " tag="520">
      <marc:subfield code="a">Man nennt ihn den König der Todeszellen. Randal Korn hat mehr Menschen auf den elektrischen Stuhl geschickt als jeder andere Staatsanwalt in Amerika. Und er genießt es, bei Hinrichtungen zuzusehen. Sein nächstes Opfer: Andy Dubois, ein junger Afroamerikaner, der wegen des Mordes an einem weißen Mädchen zum Tode verurteilt werden soll. Korn hat bereits alles für einen möglichst kurzen Prozess vorbereitet. Doch er hat nicht mit Eddie Flynn gerechnet. Dem New Yorker Anwalt bleiben sieben Tage, um Andy vor einer korrupten Justiz zu retten und den wahren Täter zu finden. Dann soll das Urteil gesprochen werden. Wird Eddie Flynn bis dahin noch am Leben sein?</marc:subfield>
   </marc:datafield>
   <marc:datafield ind1=" " ind2=" " tag="020">
      <marc:subfield code="a">9783442494019</marc:subfield>
      <marc:subfield code="9">9783442494019</marc:subfield>
   </marc:datafield>
   <marc:datafield ind1=" " ind2=" " tag="020">
      <marc:subfield code="a">344249401X</marc:subfield>
      <marc:subfield code="9">344249401X</marc:subfield>
   </marc:datafield>
   <marc:datafield ind1=" " ind2=" " tag="500">
      <marc:subfield code="a">Aus dem Engl. übers.</marc:subfield>
   </marc:datafield>
   <marc:datafield ind1=" " ind2=" " tag="300">
      <marc:subfield code="a">583 S.</marc:subfield>
   </marc:datafield>
</marc:record>
